000 01014nam a22003257a 4500
001 BR2016004844
003 BR-BrBNA
005 20230928105016.0
007 ta
008 230509b bl.||||| |||| 00| 0 por d
040 _aBR-BrBNA
_bpor
_cBiblioteca Nacional de Agricultura
041 _a(Por)
072 _aF02
_b1850
_b1885
_b3530
090 _ 1850 BR2016004844
100 1 _aLopes, R.P.X.
110 1 _aUniversidade Federal de Lavras, MG (Brasil)
_0Tese (Mestrado)
245 1 _aProdução de mudas e frutos de tomateiro a partir de composto pós-cultivo do cogumelo Agaricus subrufescens
260 3 _aLavras, MG (Brasil):
500 _aSummaries (Eng, Por); Bibliography p. 33-42; 10 illus.
650 _aTOMATE
650 _aMUDA
650 _aPRODUÇÃO VEGETAL
650 _aCOGUMELO DO SOL
650 _aCOMPOSTO ORGÂNICO
650 _aSUBSTRATO DE CULTURA
650 _aVARIEDADE RESISTENTE
650 _aDOENÇA DE PLANTA
909 _a202309
_bLucia
_c55
_dLucia Elande
942 _cBK
999 _c82918
_d82918